000 00608nam a2200265Ia 4500
005 20260306163938.0
008 008 260114s9999 xx 000 0 eng d
020 _a9781399505062
037 _aEBOOK
040 _aCRL
040 _beng
040 _cCRL
041 _2eng
041 _aeng
084 _qCRL
100 _aMcmanus
245 0 _aNoise And Noise Law: A Practitioner's Guide
260 _bEdinburgh University Press
260 _c2024
650 _aLaw
856 _uhttps://academic.oup.com/book/55676
942 _cEBOOK
999 _c1712126
_d1712126